[Event "BL 2017-18"]
[Site "Germany"]
[Date "2018.02.25"]
[Round "10"]
[White "Krasenkow, Michal"]
[Black "Schreiner, Peter"]
[Result "1/2-1/2"]
[WhiteElo "2642"]
[BlackElo "2452"]
[Annotator "TA"]
[PlyCount "143"]
[EventDate "2018.05.24"]
[EventType "team-tourn"]
[EventCountry "GER"]
[SourceTitle "playchess.com"]
[Source "ChessBase"]
[SourceQuality "1"]
[WhiteTeam "SF Deizisau"]
[BlackTeam "SFR Berlin"]

{[%evp 14,143,20,20,31,23,18,16,18,14,24,14,22,22,26,17,25,0,0,0,0,0,0,0,0,0,0,-2,0,0,0,0,0,0,0,0,0,0,31,41,77,4,90,77,84,83,91,91,108,108,108,101,101,108,108,101,108,108,108,108,108,108,109,76,86,101,152,0,0,0,0,0,0,0,0,0,0,0,4,0,4,4,37,0,0,0,0,0,0,0,0,0,0,0,0,0,0,0,0,0,0,0,0,0,0,0,0,0,0,0,0,0,0,0,0,0,0,0,0,0,0,0,0,0,0,0,0,0,0,0,0,0]} 1. Nf3 c5 2. c4 Nc6 3. d4 cxd4 4. Nxd4 Qb6 5. e3 Nf6 6. Be2 {A30: Symmetrical English: Double Fianchetto and Hedgehog} e6 7. Nc3 d5 8. cxd5 {LiveBook: 3 Games} Nxd5 9. Nxd5 (9. Nxc6 {feels hotter.} bxc6 10. O-O Bd6 11. Na4 Qc7 12. g3) 9... exd5 10. Nxc6 bxc6 11. O-O Be7 12. b3 O-O 13. Bb2 $146 ({Predecessor:} 13. Bd3 Bf6 14. Rb1 Ba6 15. Bxa6 Qxa6 {1-0 (35) Dizdar,G (2499)-Maksimenko,A (2543) Austria 2012}) 13... Bf5 14. Bd3 (14. Rc1 {keeps more tension.} a5 15. Bg4 Bc8 16. Bc3 Ba3 17. Rc2) 14... Bg6 15. g3 Rfd8 16. Bxg6 hxg6 17. Qf3 a5 18. Bc3 c5 19. Rfd1 a4 20. bxa4 Qe6 21. a5 Bf6 22. Rac1 {And now Bxf6 would win.} Bxc3 23. Rxc3 Rxa5 24. Rcd3 {[%cal Rd3d5]} c4 25. Rd4 Re8 26. Rxd5 Rxa2 {[#]} 27. Rc5 (27. Rd6 $1 $16 {[%cal Rd6e6]} Qc8 28. Rc6) 27... Ra4 (27... Rc8 $11 {keeps the balance.} 28. Rxc8+ Qxc8) 28. Rd4 Qh3 29. Rcxc4 Rxc4 30. Rxc4 Rc8 31. Rxc8+ Qxc8 $16 {[%mdl 4096] Endgame KQ-KQ} 32. h4 Qe6 33. Qa8+ Kh7 34. Qd8 Qe4 35. Qd4 Qe6 36. e4 {[%cal Be3e4,Be4e5][%mdl 32]} Qg4 37. Kg2 Qe2 38. e5 Qa2 39. Qe4 Kg8 {[#]} (39... Qe6 $142 40. f3 Qa2+ 41. Kh3 Qe6+ 42. Kg2 Kg8 43. Qa8+ Kh7) 40. g4 $2 (40. e6 $1 $16 {[%cal Re6e7]} fxe6 41. Qxg6) 40... Qe6 $11 41. Qd4 Qc6+ 42. f3 Qc2+ 43. Qf2 Qd3 44. Qe1 Qc2+ 45. Kg3 Qd3 46. Qe4 Qd1 47. Qe3 Qd5 48. f4 Qd7 {The position is equal.} 49. h5 gxh5 50. gxh5 Qf5 51. Kh4 Kh7 52. Qf3 Kh6 53. Qg4 Qe4 54. Kg3 Qe3+ 55. Qf3 Qe1+ 56. Kh3 Qa1 57. Qe3 Qh1+ 58. Kg3 Qxh5 59. f5+ Kh7 60. Qe4 Qg5+ 61. Kf3 Qh5+ 62. Ke3 Qg5+ 63. Kd4 Qd8+ 64. Qd5 Qb6+ 65. Qc5 Qb2+ 66. Kd5 Qb3+ (66... Qb1 {looks sharper.} 67. Qf2 Qd3+ 68. Kc6 Qe4+ 69. Kd6 Kg8) 67. Qc4 Qxc4+ 68. Kxc4 Kg8 69. Kd5 {aiming for Kd6.} Kf8 70. f6 g6 71. Kd6 Ke8 72. e6 {Precision: White = 58%, Black = 75%.} 1/2-1/2

[Event "BL 2017-18"]
[Site "Germany"]
[Date "2018.02.25"]
[Round "10"]
[White "Banusz, Tamas"]
[Black "Meyer, Falko"]
[Result "1-0"]
[WhiteElo "2640"]
[BlackElo "2221"]
[Annotator "TA"]
[PlyCount "92"]
[EventDate "2018.05.24"]
[EventType "team-tourn"]
[EventCountry "GER"]
[SourceTitle "playchess.com"]
[Source "ChessBase"]
[SourceQuality "1"]
[WhiteTeam "Hockenheim"]
[BlackTeam "Norderstedt"]

{[%evp 12,92,-2,-3,19,0,0,-4,12,0,4,0,22,4,3,0,7,0,12,16,16,-7,0,-22,32,10,57,69,47,62,61,39,39,39,60,75,67,25,23,27,31,23,85,85,83,79,79,83,91,58,77,61,84,62,80,68,71,58,59,68,147,140,220,219,211,211,220,213,149,170,287,280,300,297,283,258,250,227,737,719,641,622,542]} 1. Nf3 d5 2. g3 g6 3. c4 d4 4. b4 Bg7 5. Bb2 e5 6. d3 {A09: Reti-Eröffnung} a5 (6... Ne7 7. Bg2 O-O 8. O-O a5 9. b5 c5 10. bxc6 Nexc6 11. Na3 Na6 12. Nd2 Bg4 13. Nb5 {1-0 (49) Mareco,S (2635)-Henriquez Villagra,C (2517) Doha 2016}) 7. b5 {LiveBook: 6 Partien} c5 8. bxc6 {Die Stellung ist ausgeglichen.} Nxc6 9. Bg2 Nge7 10. O-O O-O 11. Na3 Nb4 12. Nc2 $146 ({Vorgänger:} 12. Nb5 Bd7 13. a3 {1-0 (22) Trapl,J (2353)-Dueckstein,A (2235) Velden 2009}) 12... Nec6 13. Nxb4 Nxb4 14. Ne1 {[%cal Bf3e1,Be1c2,Bc2a3,Ba3b5][%mdl 32]} Rb8 15. Nc2 Na6 16. Na3 Re8 17. Nb5 Bf8 (17... Bd7 $11) 18. e3 $14 {[%cal Re3d4]} Bg7 19. exd4 exd4 20. Ba3 Nb4 21. Bxb4 axb4 22. Bd5 Be6 23. Bxe6 Rxe6 24. Qf3 Qe7 25. a3 bxa3 26. Rxa3 Re1 (26... h5 $11) 27. Rxe1 $16 Qxe1+ 28. Kg2 Qe7 29. Ra2 Qd7 30. Re2 h5 31. h4 Rc8 32. Re4 Rd8 33. Qf4 Qc6 34. Kh2 Rd7 35. Kg1 Qc5 {[#]} (35... Kh7 $14) 36. Qb8+ $1 Kh7 (36... Bf8 $16 37. Re5 Rd8 38. Rxc5 (38. Qxd8 Qxe5 39. Kg2 Kg7 $16) 38... Rxb8) 37. Qe8 $18 Qc6 {[#]} 38. Re7 $1 {[%cal Re7d7]} Rxe7 39. Qxe7 Qf3 40. Nd6 Kg8 (40... Qxd3 $142 41. Nxf7 Qf5 42. Qxb7 d3) 41. Qxb7 Qxb7 42. Nxb7 {KL-KS} Kf8 43. Kg2 Ke7 44. Kf3 Be5 $2 (44... f5 45. Nc5 Kd6) 45. Ke4 f6 46. Kd5 Bc7 {Precision: Weiß = 74%, Schwarz = 47%.} 1-0

[Event "BL 2017-18"]
[Site "Germany"]
[Date "2018.02.25"]
[Round "10"]
[White "Volokitin, Andrei"]
[Black "Duda, Jan-Krzysztof"]
[Result "1/2-1/2"]
[WhiteElo "2639"]
[BlackElo "2706"]
[Annotator "TA"]
[PlyCount "74"]
[EventDate "2018.05.24"]
[EventType "team-tourn"]
[EventCountry "GER"]
[SourceTitle "playchess.com"]
[Source "ChessBase"]
[SourceQuality "1"]
[WhiteTeam "SV Hofheim"]
[BlackTeam "Hamburg SK"]

{[%evp 22,74,57,53,58,55,54,54,55,47,58,51,64,66,62,43,63,5,6,12,5,5,4,8,8,10,4,0,4,0,0,0,0,0,0,0,0,0,0,0,82,77,70,70,70,8,12,0,0,0,12,0,0,0,16]} 1. e4 c5 2. Nf3 d6 3. d4 cxd4 4. Nxd4 Nf6 5. Nc3 a6 6. h3 e6 7. g4 d5 {B81: Sicilian Scheveningen: Keres Attack} (7... h6 8. Bg2 Be7 9. Be3 Nc6 10. Qe2 Nxd4 11. Bxd4 e5 12. Be3 b5 13. O-O-O b4 14. Nd5 Nxd5 15. exd5 O-O 16. Be4 {½-½ (32) Duda,J (2717)-Wojtaszek,R (2736) Katowice 2017}) 8. Nde2 Nxe4 9. Nxe4 dxe4 10. Qxd8+ Kxd8 11. Be3 Bb4+ 12. c3 {[%mdl 1024] LiveBook: 4 Games. White has compensation.} Bd6 13. O-O-O Kc7 14. Bg2 Bd7 15. Rd2 Be5 $146 16. Rhd1 Bc6 17. Nd4 Bxd4 18. Rxd4 e5 19. Rc4 (19. Rd6 $14) 19... b5 $11 20. Rc5 Nd7 21. Rxc6+ $1 Kxc6 22. Bxe4+ Kc7 23. Bxa8 Rxa8 {[%mdl 4096] Endgame KRB-KRN} 24. g5 Re8 25. Kc2 Kc6 26. Rg1 Re7 27. Rg4 f5 28. gxf6 $1 Nxf6 29. Rh4 h6 30. c4 e4 (30... Rc7 $11 {remains equal.}) 31. b3 $16 {[%cal Bb2b3,Bb3c4][%mdl 32]} bxc4 32. bxc4 Re6 33. Bd4 (33. Rf4 $14) 33... Rd6 $1 $11 {[%cal Rd6d4] The position is equal.} 34. Be5 Re6 35. Bd4 Rd6 $1 {[%cal Rd6d4]} 36. Be5 Re6 37. Bd4 Rd6 $1 {Precision: White = 69%, Black = 89%.} 1/2-1/2

[Event "BL 2017-18"]
[Site "Germany"]
[Date "2018.02.25"]
[Round "10"]
[White "Fridman, Daniel"]
[Black "Fedorovsky, Michael"]
[Result "1/2-1/2"]
[WhiteElo "2635"]
[BlackElo "2469"]
[Annotator "TA"]
[PlyCount "118"]
[EventDate "2018.05.24"]
[EventType "team-tourn"]
[EventCountry "GER"]
[SourceTitle "playchess.com"]
[Source "ChessBase"]
[SourceQuality "1"]
[WhiteTeam "Muelheim"]
[BlackTeam "Bayern Muenchen"]

{[%evp 16,118,20,14,90,50,47,65,53,40,49,49,45,28,84,84,83,85,108,113,111,103,100,82,100,82,90,82,81,47,62,49,70,72,105,56,61,68,104,100,118,120,105,51,78,53,75,82,83,77,109,116,130,122,122,122,124,117,116,116,114,114,100,87,97,101,129,122,158,134,328,317,294,245,213,59,59,62,75,63,104,56,62,54,58,8,8,8,8,8,8,8,8,8,8,8,8,8,8,8,8,8,8,8,8]} 1. Nf3 Nf6 2. c4 e6 3. g3 d5 4. d4 dxc4 5. Bg2 a6 6. Ne5 Bb4+ {E04: Open Catalan: 5 Nf3} (6... c5 7. Be3 Nd5 8. Nc3 Nxe3 9. fxe3 Nd7 10. Nxc4 Be7 11. O-O O-O 12. a4 Nb6 13. Nxb6 Qxb6 14. a5 Qc7 15. Na4 cxd4 {0-1 (47) Nguyen,N (2649)-Wang,H (2717) Ho Chi Minh City 2016}) 7. Nc3 Nd5 8. Bd2 b5 9. O-O {LiveBook: 20 Games} Be7 (9... Bxc3 $11 {keeps the balance.} 10. bxc3 O-O) 10. b3 {[%cal Bb2b3,Bb3c4][%mdl 32]} Bb7 $146 ({Predecessor:} 10... cxb3 11. Qxb3 c6 12. a4 Bb7 13. axb5 cxb5 14. Nxb5 O-O 15. Ba5 Qc8 16. Nc7 Ra7 17. Rfc1 Nxc7 18. Rxc7 Bd5 19. Rxc8 Bxb3 20. Rxf8+ Bxf8 21. Rb1 {1-0 (21) Hernandez Leon,A (2241)-Villavicencio Martinez,C (2117) Tenerife 2009}) 11. bxc4 Nxc3 $1 12. Bxc3 Bxg2 13. Kxg2 O-O 14. Qb3 Qc8 (14... b4 $11 {remains equal.} 15. Bb2 (15. Bxb4 Bxb4 16. Qxb4 Qxd4 $11) 15... a5) 15. Rfb1 $16 bxc4 16. Qxc4 c5 17. d5 exd5 18. Qxd5 Ra7 19. Rb3 Bf6 20. Rc1 Nd7 21. Nc4 Bxc3 22. Rbxc3 Nf6 23. Qf3 Rc7 24. Rd3 Rd8 25. Rcd1 Rxd3 26. Rxd3 h6 27. Rd6 Ne8 28. Rb6 Re7 29. Rc6 (29. a4 $16) 29... Rc7 $14 30. Rxc7 (30. Nb6 {feels hotter.} Qb7 31. Rxc7 Qxc7 32. Qa8 Kf8 33. Qxa6 Qc6+ 34. Kg1) 30... Nxc7 31. Qc6 Qe6 32. Qxe6 $1 ({But not} 32. Qxc7 $6 Qe4+ 33. Kh3 Qxc4 $11) 32... Nxe6 $16 {[%mdl 4096] Endgame KN-KN} 33. Kf3 Nd4+ 34. Ke3 Kf8 35. Na5 Ke7 {[#]} 36. Nb7 $1 Ne6 {[#]} 37. Ke4 $1 c4 38. Na5 f5+ 39. Ke3 Kd6 40. Nxc4+ Kc5 41. Kd3 Kb4 42. Ne3 Ka3 $2 (42... g6 $16 43. Nc4 h5) 43. Nxf5 $18 Kxa2 {intending ...Kb3.} 44. Kc4 Kb2 45. e4 $2 ({White should try} 45. Nd6 $18) 45... a5 $14 46. Kb5 Kc3 47. Kxa5 {Kb6 is the strong threat.} Kd3 48. f3 g6 49. Nxh6 Ke3 50. Kb6 Kxf3 {The position is equal.} 51. e5 Ke4 52. Nf7 Kd5 53. h4 Nd4 54. Kc7 Ke6 $1 55. Nh8 Kxe5 56. Nxg6+ Kf5 57. Nf4 Kg4 58. Kd7 {And now h5 would win.} Kxg3 59. h5 {Threatens to win with h6.} Nf5 {Precision: White = 64%, Black = 65%.} 1/2-1/2

[Event "BL 2017-18"]
[Site "Germany"]
[Date "2018.02.25"]
[Round "10"]
[White "Lupulescu, Constantin"]
[Black "Yankelevich, Lev"]
[Result "1-0"]
[WhiteElo "2626"]
[BlackElo "2446"]
[Annotator "TA"]
[PlyCount "149"]
[EventDate "2018.05.24"]
[EventType "team-tourn"]
[EventCountry "GER"]
[SourceTitle "playchess.com"]
[Source "ChessBase"]
[SourceQuality "1"]
[WhiteTeam "Aachen"]
[BlackTeam "Speyer"]

{[%evp 18,149,27,33,49,30,52,53,103,98,102,100,115,105,109,94,78,67,89,56,59,59,135,128,129,135,123,70,157,161,208,205,197,197,227,214,225,220,229,164,160,172,206,204,229,235,236,233,252,220,227,214,300,309,284,283,310,318,397,396,374,364,361,364,622,671,704,673,658,662,692,619,604,466,598,587,583,560,514,510,473,0,368,0,394,0,703,702,674,637,749,918,982,1014,1034,987,853,754,1095,833,1871,1493,1825,1891,29973,29973,29973,29976,29976,29977,29981,29982,29982,29983,29983,29984,29987,29988,29986,29986,29986,29987,29987,29988,29988,29989,29990,29991,29991,29992,29993,29994,29995,29996]} 1. d4 Nf6 2. c4 e6 3. Nf3 d5 4. Nc3 Nbd7 5. Bg5 Bb4 6. e3 c5 7. cxd5 exd5 8. Bd3 c4 9. Bf5 {D38: Queen's Gambit Declined: Ragozin Defence (4 Nf3 Bb4)} h6 (9... Qa5 10. Qc2 O-O 11. O-O Re8 12. Nd2 g6 13. Bh3 Kg7 14. Rfb1 h6 15. Bh4 g5 16. Bxd7 Bxd7 17. Bg3 Kg8 18. a3 Bf8 19. b3 cxb3 20. Nxb3 Qd8 21. Be5 Rc8 {1-0 (40) Korobov,A (2652)-Mamedyarov,S (2799) Huaian 2017}) 10. Bh4 {LiveBook: 3 Games} Nb6 11. Bc2 {White is slightly better.} Bxc3+ $146 ({Predecessor:} 11... Qe7 12. Nd2 O-O 13. O-O Re8 14. a3 Bxc3 15. bxc3 {½-½ (25) Chiburdanidze,M (2502)-Zhao,X (2474) Antakya 2010}) 12. bxc3 Bg4 13. Qb1 Bxf3 14. gxf3 Qd6 15. a4 O-O 16. Kd2 Nh5 17. Bf5 Nc8 18. Bg4 Nf6 $1 19. Bh3 Ne7 {[#]} (19... Nh7 $14) 20. Bg3 $1 $36 {[%cal Rg3d6][%mdl 2048] White is in control.} (20. Qxb7 $2 Rfb8 $19) 20... Qc6 21. Qb4 Rfe8 22. Rhb1 (22. Qb5 $16) 22... b6 (22... Nh5 $1 $14) 23. a5 bxa5 24. Qxa5 (24. Rxa5 $6 Nh7 $16) 24... Nh5 25. Qa6 Nxg3 26. Qxc6 (26. fxg3 $6 Qc7) 26... Nxc6 27. hxg3 ({Don't do} 27. fxg3 Re7) 27... Reb8 28. Bd7 Rxb1 29. Rxb1 $18 {[%mdl 4096] Endgame KRB-KRN} Ne7 30. e4 Rd8 31. Rb7 a6 32. Ra7 Rb8 33. Ba4 ({Much less strong is} 33. Rxa6 Rb2+ 34. Ke1 Rb7 $18) 33... Kf8 34. Rxa6 f5 (34... g6 $142 35. Ra5 h5 36. exd5 Nf5) 35. exd5 Nxd5 36. Rc6 Rb1 37. Rc5 ({Worse is} 37. Rxc4 Nb6 $11) 37... Nb6 38. Rxf5+ Ke7 39. Rb5 Rxb5 40. Bxb5 {KB-KN} g5 $2 {[#]} (40... Kd6 41. f4 Ke6) 41. g4 Kd6 42. Be8 Ke7 43. Bc6 Kd6 44. Be4 Ke6 45. Bh7 Kf6 46. Kc1 Ke7 47. Kb2 Na4+ 48. Kc2 Nb6 49. Kd2 Kf6 $1 50. Be4 Ke6 51. Bc6 $2 (51. Bb7) 51... Kd6 $1 {[%cal Rd6c6]} 52. Bb5 Ke7 53. Ke2 Nd5 54. Bxc4 Nxc3+ 55. Kd2 Na4 56. Bb3 Nb6 57. Ke3 Kf6 58. f4 Nd7 59. fxg5+ hxg5 60. Ke4 Nb6 61. f4 {White mates.} Nd7 62. fxg5+ Kxg5 63. Be6 Nb8 64. d5 Kf6 65. Kf4 Na6 66. g5+ Kg7 67. d6 Nc5 68. Bf5 Nb7 69. Ke5 Nc5 70. Kd5 Nb7 71. Kc6 Nd8+ 72. Kc7 Nf7 73. d7 Nxg5 74. d8=Q Ne6+ 75. Bxe6 {Precision: White = 83%, Black = 37%.} 1-0

[Event "BL 2017-18"]
[Site "Germany"]
[Date "2018.02.25"]
[Round "10"]
[White "Kozul, Zdenko"]
[Black "Abel, Dennes"]
[Result "1/2-1/2"]
[WhiteElo "2625"]
[BlackElo "2469"]
[Annotator "TA"]
[PlyCount "59"]
[EventDate "2018.05.24"]
[EventType "team-tourn"]
[EventCountry "GER"]
[SourceTitle "playchess.com"]
[Source "ChessBase"]
[SourceQuality "1"]
[WhiteTeam "SF Deizisau"]
[BlackTeam "SFR Berlin"]

{[%evp 17,59,0,14,-18,10,-22,-31,-14,-13,-35,0,-13,45,51,66,54,64,0,0,0,0,0,0,0,0,0,0,0,0,0,0,0,0,0,0,0,0,0,0,0,0,0,0,0]} 1. c4 c6 2. e4 d5 3. cxd5 cxd5 4. exd5 Nf6 5. Nc3 Nxd5 6. Nf3 Nxc3 7. bxc3 g6 8. h4 Nc6 {B10: Caro-Kann: 2 d3 and 2 c4} 9. h5 Bg7 {LiveBook: 10 Games} 10. d4 Bg4 11. hxg6 $146 ({Find the theoretical novelty and annotate with similar games:} 11. Bc4 e6 12. Rb1 Qc7 13. h6 Bf6 14. Be2 O-O 15. O-O Bxf3 16. Bxf3 {½-½ (76) Leon Hoyos,M (2556)-Prohaszka,P (2501) Fermo 2010}) 11... hxg6 12. Rxh8+ Bxh8 13. Rb1 Qd7 14. Be3 O-O-O (14... Kf8 $11) 15. Qa4 $14 {[#] Black must now prevent Ba6!} Bxf3 16. gxf3 {Hoping for Ba6!} Qf5 17. Qb5 ({White should try} 17. Rb5 $1 $14 Qxf3 18. Rg5) 17... Qxb5 $11 {The position is equal.} 18. Bxb5 e5 19. d5 Rxd5 20. Bxc6 bxc6 21. Bxa7 {[#] aiming for Rb8+.} Rb5 (21... Bg7 {NOTEXT} 22. Rb8+ Kd7 23. Bb6 e4 24. fxe4 Bxc3+ 25. Ke2 Rd2+) 22. Rxb5 cxb5 {[%mdl 4096] Endgame KB-KB} 23. Kd2 f5 24. Kd3 Kb7 25. Be3 Bf6 26. c4 Kc6 27. cxb5+ Kxb5 28. Bh6 g5 29. Bf8 g4 30. fxg4 {Precision: White = 69%, Black = 56%.} 1/2-1/2

[Event "BL 2017-18"]
[Site "Germany"]
[Date "2018.02.25"]
[Round "10"]
[White "L'Ami, Erwin"]
[Black "Naiditsch, Arkadij"]
[Result "1-0"]
[WhiteElo "2625"]
[BlackElo "2705"]
[Annotator "TA"]
[PlyCount "91"]
[EventDate "2018.05.24"]
[EventType "team-tourn"]
[EventCountry "GER"]
[SourceTitle "playchess.com"]
[Source "ChessBase"]
[SourceQuality "1"]
[WhiteTeam "Solingen"]
[BlackTeam "Baden-Baden"]

{[%evp 25,91,31,31,27,54,52,47,43,47,30,49,6,57,53,79,89,84,69,94,75,97,93,116,121,134,134,135,133,128,125,138,138,139,142,129,100,102,104,104,100,118,97,135,143,166,155,195,181,236,243,330,333,329,329,328,293,359,291,416,462,437,437,504,529,1029,1023,1069,1024]} 1. d4 Nf6 2. c4 e6 3. Nf3 d5 4. Nc3 Nbd7 5. Bg5 c6 6. e3 Qa5 7. Nd2 dxc4 8. Bxf6 Nxf6 9. Nxc4 Qc7 10. Rc1 Be7 11. g3 O-O {D52: Queen's Gambit Declined: Cambridge Springs Variation} 12. Bg2 Rd8 13. O-O Nd5 {LiveBook: 6 Games. White is slightly better.} (13... Bd7 14. Qb3 Rac8 15. Rfd1 Be8 16. Ne4 Nxe4 17. Bxe4 b5 18. Nd2 h6 19. Bg2 {½-½ (46) Grischuk,A (2779)-Carlsen,M (2851) Paris 2017}) 14. a3 Bd7 15. b4 Be8 16. Qb3 Rac8 {[#]} 17. Ne5 $146 ({Predecessor:} 17. Rc2 Qb8 18. Rfc1 h6 19. Ne4 {1-0 (45) Ivanchuk,V (2705)-Asrian,K (2591) Yerevan 2004}) 17... Qb8 18. Nd3 Rc7 ({Black should play} 18... a5 $11) 19. Rc2 $14 Rdc8 20. Rfc1 Nf6 21. a4 {[%cal Ba3a4,Ba4b5][%mdl 32]} b6 22. b5 cxb5 23. axb5 Nd7 24. Bc6 a5 25. e4 Rd8 26. e5 Ra7 27. Na4 Nf8 28. Bxe8 $1 Rxe8 29. Rc6 $1 Rb7 30. R1c4 Ng6 31. Nf4 $1 Nxf4 32. gxf4 Qd8 33. Qf3 $1 {Threatens to win with Rc8.} Rb8 34. f5 exf5 35. Qxf5 Bb4 {[#] With the idea ...Qd5.} 36. Rc7 $1 Rf8 {[#]} (36... Qd5 {is a better defense.}) 37. Rd7 $1 $18 {[%cal Rd7d8]} g6 38. Rxd8 gxf5 39. Rxb8 Rxb8 {[%mdl 4096] Endgame KRB-KRN} 40. Kg2 Kf8 41. Kf3 f6 (41... Kg7 $142 42. d5 Kf8) 42. Kf4 fxe5+ {White is clearly winning.} 43. dxe5 Rd8 44. Nxb6 Rd2 45. Kxf5 Rxf2+ 46. Ke6 {Precision: White = 81%, Black = 39%.} 1-0

[Event "BL 2017-18"]
[Site "Germany"]
[Date "2018.02.25"]
[Round "10"]
[White "Gharamian, Tigran"]
[Black "Bartel, Mateusz"]
[Result "1/2-1/2"]
[WhiteElo "2622"]
[BlackElo "2610"]
[Annotator "TA"]
[PlyCount "52"]
[EventDate "2018.05.24"]
[EventType "team-tourn"]
[EventCountry "GER"]
[SourceTitle "playchess.com"]
[Source "ChessBase"]
[SourceQuality "1"]
[WhiteTeam "Schwaebisch Hall"]
[BlackTeam "Dresden"]

{[%evp 20,52,32,17,28,36,33,0,0,0,0,0,0,0,30,-5,-3,-91,-80,-96,-94,-87,-87,-77,-45,-80,-87,-86,-18,-12,-2,-22,-11,-18,-1]} 1. e4 e5 2. Nf3 Nc6 3. Bb5 {[%cal Bf1b5,Bb5a4,Ba4c2][%mdl 32]} a6 4. Ba4 Nf6 5. O-O Be7 6. d3 d6 7. c3 O-O 8. Re1 b5 9. Bc2 d5 10. Nbd2 {C84: Spanische Partie (Mittelgambit)} d4 11. Nb3 {LiveBook: 4 Partien} dxc3 12. bxc3 {Weiß hat minimalen Vorteil.} a5 13. a4 b4 $1 {[#]} 14. d4 $146 ({Vorgänger:} 14. Bb2 Bg4 15. d4 bxc3 16. Bxc3 Bb4 17. Bxb4 Nxb4 18. dxe5 {0-1 (27) Volokitin,A (2628)-Svidler,P (2765) Riadh 2017}) 14... bxc3 15. Nxe5 Nxe5 16. dxe5 Ng4 17. Qf3 (17. Ba3 $5 {[%cal Rd1d8]}) 17... Nxe5 18. Qxc3 (18. Qg3 $1 $11 Ng6 19. Rd1 (19. Qxc3 Bb4 $17)) 18... Bb4 $1 $17 {[%cal Rb4c3]} 19. Qxe5 Bxe1 20. Bb2 {[%csl Gb2][%cal Re5g7]} f6 21. Qh5 {[#]} Bb4 $1 22. e5 {[%cal Be4e5,Be5e6,Be6e7][%mdl 32]} f5 23. Nd4 Ra6 (23... c5 $17 24. Nxf5 {[#]} Rxf5 $1 {[%mdl 512]} 25. Bxf5 Bxf5 26. Qxf5 Qd2) 24. e6 $11 {Die Stellung ist ausgeglichen.} Qe8 25. Qe2 c5 26. e7 cxd4 {Precision: Weiß = 42%, Schwarz = 68%.} 1/2-1/2

[Event "BL 2017-18"]
[Site "Germany"]
[Date "2018.02.25"]
[Round "10"]
[White "Miton, Kamil"]
[Black "Savchenko, Stanislav"]
[Result "1-0"]
[WhiteElo "2605"]
[BlackElo "2477"]
[Annotator "TA"]
[PlyCount "79"]
[EventDate "2018.05.24"]
[EventType "team-tourn"]
[EventCountry "GER"]
[SourceTitle "playchess.com"]
[Source "ChessBase"]
[SourceQuality "1"]
[WhiteTeam "Hamburg SK"]
[BlackTeam "SV Hofheim"]

{[%evp 19,79,34,33,26,38,32,38,39,41,39,39,43,40,43,43,43,32,36,35,31,56,56,51,52,52,55,55,52,57,52,52,54,56,54,57,54,57,47,60,52,52,31,66,61,67,50,50,0,0,0,0,0,10,13,50,31,496,486,478,475,445,458]} 1. d4 d5 2. c4 c6 3. Nc3 Nf6 4. e3 a6 5. Qc2 b5 6. b3 {D10: Slav Defence: 3 cxd5 (without early Nf3) and 3 Nc3} g6 7. Bd3 Bg7 8. Nf3 O-O 9. O-O Nbd7 10. Rd1 (10. Bb2 Bb7 11. h3 dxc4 12. bxc4 c5 13. Qe2 cxd4 14. exd4 bxc4 15. Bxc4 {0-1 (46) Bluebaum,M (2634)-Aronian,L (2774) Karlsruhe/Baden-Baden 2017}) 10... Bb7 {LiveBook: 6 Games} 11. Bb2 Rc8 12. c5 e5 13. Nxe5 Nxe5 14. dxe5 Nd7 15. Ne2 Nxe5 16. a4 $146 ({Predecessor:} 16. Nd4) 16... Re8 17. axb5 axb5 18. Nf4 Qe7 19. Bd4 Nd7 20. Bxg7 Kxg7 21. b4 Nf8 22. Ra7 Ra8 23. Qc3+ Kg8 24. Rda1 Rxa7 25. Rxa7 Ra8 26. Rxa8 Bxa8 27. Qa1 Bb7 28. Qa7 Qc7 29. g3 Nd7 30. h4 h5 31. Bf1 Qb8 32. Qa5 Ne5 33. Bh3 Nc4 34. Qa1 {And now Qf6 would win.} Bc8 35. Bf1 Ne5 36. Ne2 Bg4 37. Nd4 Nf3+ $2 {[%mdl 8192] [#]} (37... Bf3 $14) 38. Nxf3 $18 {White is clearly winning.} Bxf3 39. Qf6 Bg4 40. Qxc6 {Precision: White = 76%, Black = 70%.} 1-0